| 000 | 00390nam a2200169Ia 4500 | ||
|---|---|---|---|
| 003 | LK-CoDNM | ||
| 008 | 010623t1969 xxu||||| |||| 00| 1 eng d | ||
| 040 |
_aLK-CoDNM _dLK-CoDNM _eLK-CoDNM |
||
| 041 | _aeng | ||
| 080 | _ax Kotte-RAN | ||
| 100 | _aRanasinghe, Douglas D. | ||
| 245 | _aKotte That Was | ||
| 260 |
_bAuthor _c1969 |
||
| 300 | _b43, 22 cm | ||
| 650 | _aKotte | ||
| 942 | _cBK | ||
| 999 |
_c107801 _d107801 |
||